00811cam a22002413a 450000100060000000300060000600500170001200800410002904000150007004200070008505000070009210000460009924501100014526000290025550600300028451600200031465300390033465300470037365300410042065300370046183000290049885600420052720583PGUSA20140828083435.0070215s2007||||xxu|||||s|||||000 | eng d aPGUSAbeng adc 4aDS1 aRussell, R. V.q(Robert Vane),d1873-191514aThe Tribes and Castes of the Central Provinces of India, Volume 1h[electronic resource] /cR. V. Russell bProject Gutenberg,c2007 aPublic domain in the USA. aElectronic text aMadhya Pradesh (India) -- Religion aMadhya Pradesh (India) -- Scheduled tribes aEthnology -- India -- Madhya Pradesh aCaste -- India -- Madhya Pradesh 0aProject Gutenbergv2058340uhttp://www.gutenberg.org/ebooks/20583